Váš nový projekt: ochrana osobných údajov

Od 1. júla 2013 nadobudol účinnosť zákon o ochrane osobných údajov č. 122/2013 Z. z., ktorý nahrádza pôvodný zákon č. 428/2002 Z. z. Základný výber povinností a najčastejšie chyby prevádzkovateľa osobných údajov.

Guardado en:
Detalles Bibliográficos
Autor principal: Slivová, Erika
Otros Autores: Minárik, Peter
Formato: Capítulo de libro
Lenguaje:eslovaco
Materias:
Etiquetas: Agregar Etiqueta
Sin Etiquetas, Sea el primero en etiquetar este registro!

MARC

LEADER 00000naa a2200000 4500
001 0178468
005 20230912102342.1
041 0 |a slo 
044 |a SK 
245 1 0 |a Váš nový projekt: ochrana osobných údajov  |c Erika Slivová, Peter Minárik 
520 |a Od 1. júla 2013 nadobudol účinnosť zákon o ochrane osobných údajov č. 122/2013 Z. z., ktorý nahrádza pôvodný zákon č. 428/2002 Z. z. Základný výber povinností a najčastejšie chyby prevádzkovateľa osobných údajov. 
610 2 0 |a systémy informačné 
610 2 0 |a technológie informačné 
610 2 0 |a spracovanie dát 
610 2 0 |a dokumenty 
610 2 0 |a elektronizácia 
610 2 0 |a ochrana údajov osobných 
610 2 0 |a zákony 
100 1 |a Slivová, Erika 
700 1 |a Minárik, Peter